• 首页
  • 本馆介绍
  • 公告通知
  • 最新文献
  • 馆藏检索
  • 电子资源
  • 读者导购
  • 参考咨询
  • 我的图书馆
  • 登录
  • 详细信息显示
  • 放入我的书架
  • 预约/预借图书
  • 作者相关作品
  • 分类相关作品
  • 丛书相关作品
  • 出版社相关作品

书目信息

  • 表格格式
  • 工作单格式
  • 卡片格式
题名:
脑血管疾病
    
 
作者: ;肖镇祥 编 ;北京第二医学院附属宣武医院 编
分册:  
出版信息: 北京   人民卫生出版社  1979
页数: 464页
开本: 19cm
丛书名:
单 册:
中图分类: R743
科图分类:
主题词: 脑血管疾病
电子资源:
ISBN:
000 00774nam0 2200229 45
001 0179008618
005 20061121094046.42
010    @dCNY1.25
091    @aCN@b14048.3670
100    @a19950803d1979 em y0chiy0121 ea
101 0  @achi
102    @aCN@b110000
105    @ay z 000yy
200 10 @a脑血管疾病@Anao xue guan ji bing@f北京第二医学院附属宣武医院编@Fbei jing di er yi xue yuan fu shu xuan wu yi yuan bian@g肖镇祥等编@Gxiao zhen xiang deng bian
210    @a北京@c人民卫生出版社@d1979
215    @a464页@c照片@d19cm
606    @a脑血管疾病
690    @aR743@v3
702  0 @a肖镇祥@Axiao zhen xiang@4编
711 02 @a北京第二医学院附属宣武医院@Abei jing di er yi xue yuan fu shu xuan wu yi yuan@4编
801  0 @aCN@bTSSF@c20061121
905    @a10447@dR743@e1
    
    脑血管疾病/北京第二医学院附属宣武医院编/肖镇祥等编.-北京:人民卫生出版社,1979
    464页:照片;19cm
    
    
    ISBN :CNY1.25
    
●
相关链接 在E读中查询图书 在五车中查询图书 在当当中查询图书 在豆瓣中查询图书


正题名:脑血管疾病     索取号:R743/1         预约/预借

序号 登录号 条形码 馆藏地/架位号 状态 备注
1 0018891   000716087   第二样本阅览室/ [索取号:R743/1] 在馆    
唐山师范学院图书馆 欢迎您!
大连网信软件有限公司© 版权所有